The Substance of Politics (Record no. 121)

MARC details
000 -LEADER
fixed length control field 00433nam a2200169Ia 4500
008 - FIXED-LENGTH DATA ELEMENTS--GENERAL INFORMATION
fixed length control field 240428s9999||||xx |||||||||||||| ||und||
020 ## - INTERNATIONAL STANDARD BOOK NUMBER
International Standard Book Number 9780195656336
041 ## - LANGUAGE CODE
Language code of text/sound track or separate title eng
082 ## - DEWEY DECIMAL CLASSIFICATION NUMBER
Classification number 320A
100 ## - MAIN ENTRY--PERSONAL NAME
Personal name Appadorai, A
245 #4 - TITLE STATEMENT
Title The Substance of Politics
260 ## - PUBLICATION, DISTRIBUTION, ETC.
Name of publisher, distributor, etc. Oxford University Press
Place of publication, distribution, etc. New Delhi
Date of publication, distribution, etc. 2004
300 ## - PHYSICAL DESCRIPTION
Extent xiv, 583p.:
650 ## - SUBJECT ADDED ENTRY--TOPICAL TERM
Topical term or geographic name entry element Political Theories and Organization-Principles
942 ## - ADDED ENTRY ELEMENTS (KOHA)
Koha item type Books
Holdings
Withdrawn status Lost status Damaged status Not for loan Home library Current library Shelving location Date acquired Total checkouts Full call number Date last seen Copy number Price effective from Koha item type
        Main Library Main Library Open Shelves 02/08/2021   320A 2028 C1 - 320A 2029 C2 29/04/2024 1 29/04/2024 Books
©2026  Parliament of Ghana Library - All rights reserved